000 00772nam a2200253 a 4500
001 000028892
003 DO-SdBNP
005 20250131100542.0
007 ta
008 110412s1998 dr 000 0 spa d
040 _aDO-SdBNP
_bspa
_cBNPHU
_erda
041 _hspa
082 _axxx
_bN234
_222
111 2 _aFeria internacional del libro
_d(1998
_cSanto Domingo
_n1: 23 de abril al 3 de mayo )
_955858
245 1 0 _aNarrativa dominicana actual /.
264 _aSanto Domingo :
_bConsejo Presidencial de Cultura
_bEditora Búho,
_c1998.
300 _a23 páginas ;
_c21 cm.
336 _ardacontent
_btexto
_2txt
337 _ardamedia
_bsin mediación
_2n
338 _ardacarrier
_bvolumen
_2nc
590 _aInventariado, 2025/DG
910 _aDG
942 _2ddc
_cLBS1
999 _c28384
_d28384